Famous People from Ohio by Picture - Statistics

General Stats
  • This quiz has been taken 17,716 times
    10,011 since last reset
  • The average score is 10 of 20
Answer Stats
Picture Hint Answer % Correct
Wapakoneta Neil Armstrong
93%
Dayton The Wright Brothers
85%
Akron LeBron James
83%
Georgetown Ulysses S. Grant
65%
Westlake Jake Paul
64%
Cincinnati William Taft
57%
Oakwood Halle Berry
45%
Cleveland Drew Carey
44%
Shaker Heights Paul Newman
44%
Cleveland Jesse Owens
43%
Steubenville Dean Martin
40%
Darke County Annie Oakley
39%
Upper Arlington Jack Nicklaus
38%
Toledo Katie Holmes
37%
Lisbon William McKinley
36%
New Concord John Glenn
35%
Cleveland Don King
34%
Fredericktown Luke Perry
31%
Cincinnati Doris Day
24%
Newcomerstown Woody Hayes
18%
No matching quizzes found
Score Distribution
Percent of People with Each Score
Percentile by Number Answered
Your Score History
You have not taken this quiz since the last reset